| 000 | 00378 a2200169 4500 | ||
|---|---|---|---|
| 001 | 68369 | ||
| 020 | _a9788516113346 | ||
| 040 | _cAnchieta - Pituba | ||
| 100 | _aGoulart, Shirley | ||
| 240 | 1 | 0 |
_aSingular & Plural 7° ano _lpor |
| 245 | 1 | 0 | _aSingular & Plural 7° ano |
| 300 | _a320 | ||
| 362 | 0 | _a2018 | |
| 440 | 1 | _aModerna | |
| 650 | 4 | _aLíngua portuguesa | |
| 942 | _cBK | ||
| 999 |
_c68369 _d68369 |
||